TDS Halloween 2019 Enemies - Statistics

General Stats
  • This quiz has been taken 3 times
  • The average score is 10 of 14
Answer Stats
Hint Answer % Correct
120 Bat
100%
150 Ghost
100%
50 Mummy
100%
350 Vampire
100%
200 Witch
100%
350000 Jack O' Bot
67%
50000 Jaxe
67%
100 Scarecrow
67%
80 Strong Mummy
67%
6000 Swamp Thing
67%
800 Clown
33%
450 Demon
33%
3000 Frankenstein
33%
750 Reaper
33%
No matching quizzes found
Score Distribution
Percent of People with Each Score
Percentile by Number Answered
Your Score History
You have not taken this quiz